000 00724nam a2200217 i 4500
001 73115
003 ES-MaACL
005 20240229063310.0
007 t|
008 040906s1921 sp ||||1| spa d
100 1 _aGómez Carrillo, Enrique,
_d1873-1927
_957861
245 1 3 _aLa gesta de la legión /
_cEnrique Gómez Carrillo.
260 _aMadrid :
_bMundo Latino,
_c1921 (
_fYagües)
300 _a234 p. ;
_c20 cm.
490 1 _aObras completas ;
_v23
610 2 4 _aFrancia.
_bArmée.
_bLégion étrangère.
_9165189
650 4 _aGuerra mundial, 1914-1918-
_xParticipación hispanoamericana.
_9165190
830 0 _aObras completas ;
_v23
_9176447
852 _aES-MaACL
_jB-4232
999 _c73115
_d73115